Rome antique - Statistiques

Statistiques générales
  • Ce quiz a été pris 43 fois
    16 depuis la dernière actualisation
  • Le résultat moyen est 20 sur 72
Statistiques - réponses
Indice Réponse % Correct
-264/-241 : Première guerre punique contre le royaume de ... Carthage
78%
Elle est violée par le précédent et se donne la mort. À la suite de l’événement, Rome serait passée à la République. Le peuple romain décide de ne plus avoir de roi. Lucrèce
78%
Date de la fondation de Rome. -753
67%
-27 : début de règne d'..., fin de la République, début de l’Empire. Auguste
67%
-49-44 : dictature de ... (dictateur et non empereur) Jules César
67%
Colline sur laquelle Rome serait fondée. Palatin
67%
Devise en latin, qui signifie « Le Sénat et le peuple romain ». Souvent abrégée sous la forme de ce sigle qui était l'emblème de la République romaine, puis par tradition de l'Empire romain. Elles constituent encore aujourd'hui le symbole de la ville de Rome. SPQR
67%
Entre -616 et -509, le dernier roi qui a fait régner la terreur. Il tue son frère, sa femme et son beau-père le roi pour monter sur le trône. Tarquin le Superbe
67%
Épisode mythique de l’histoire de la Rome primitive. Pour combler le manque de femmes, on enlève celles des voisins. Un peu plus tard, ces derniers attaquent Rome pour récupérer leurs femmes qui partagées entre l'amour pour leurs maris et celui pour leurs pères, s'interposent dans la bataille, s'exposant aux lames des deux parties qui finissent par se réconcilier. L’enlèvement des Sabines
56%
Nom romain de Lyon. Lugdunum
56%
Combat naval qui avait lieu dans la plupart des amphithéâtres romains. Naumachie
56%
Le port de la Rome antique, situé à l'embouchure du Tibre, à 35 km au sud-ouest de Rome. Ostie
56%
Troisième empereur romain. Il règne de 37 à 41, succédant à son grand-oncle ci-dessus. Nommé en référence à Jules César, les soldats de son père le surnomment du nom des sandales lacées romaines. Il lui est attribué un comportement extrêmement instable, et un goût pour la démesure qui conduit à de grandes dépenses impériales. Caligula
44%
Ils font le recensement de la population pour répartir les citoyens en fonction de leur richesse ou de leur origine géographique. Ils choisissent les anciens magistrats qui peuvent siéger au sénat romain. De ce fait, ils surveillent la moralité de la population. Censeur
44%
Cet empereur, cruel et sanguinaire, s'identifiait à Hercule et se produisait dans les arènes. Il est étranglé dans sa baignoire par Narcisse, un lutteur qui l'entrainait au combat. Commode
44%
Nom de ce dernier, généralement nommé ainsi par les historiens, survit à la chute de l'Empire d'occident (en 476) jusqu'en 1453. Empire byzantin
44%
Nom de la partie à l'ouest. Empire romain d'Occident
44%
Nom de la partie à l'est. Empire romain d'Orient
44%
-133-121 : Nom des frères qui tentent de résoudre la crise sociale romaine par une série de réformes. Gracques/Gracchus
44%
202 : Victoire romaine contre cet adversaire qui met fin à la deuxième guerre punique, Rome domine la Méditerranée occidentale. Hannibal
44%
Long canal, principal égout collecteur de la Rome antique construit vers 600 av. J.-C. Il combine trois fonctions : la récupération des eaux de pluie, l'évacuation des eaux usées et l'assainissement des marécages de Rome. La Cloaca Maxima
44%
Il est le cinquième et dernier empereur romain de la dynastie julio-claudienne. Il accède au trône après la mort de son grand-oncle précédent, qui l'avait adopté et nommé successeur au détriment de son propre fils, Britannicus. Rapidement, il ordonne l'exécution des personnes pouvant lui faire de l'ombre, dont sa propre mère. Néron
44%
Mot latin qui désigne une ville dans la Rome antique, tandis que le mot grec polis désigne quant à lui une cité dans la Grèce antique. Lorsqu'il est employé avec une majuscule, il désigne alors « la ville d'entre toutes les villes », Rome. Urbs
44%
Religion de ce précédent Empire après le schisme de l'Église romaine de 1054. Catholique/Orthodoxe
33%
Quatrième empereur romain et le père de Britannicus. Handicapé physiquement, il est empoisonné (sans doute par un plat de champignons), à l'instigation de son épouse, qui veut placer son fils (ci-dessous) sur le trône. Claude
33%
La sœur du premier empereur romain précédent, l'une des femmes les plus en vue de l’histoire romaine, respectée et admirée par ses contemporains pour sa fidélité, sa noblesse et son humanité. Octavie la Jeune
33%
Mot signifiant « toile servant à se draper pour faire une « toge » » ou plus simplement « tunique » et un genre cinématographique de fiction historique dont l'action se déroule dans l'Antiquité. Péplum
33%
Magistrats chargés des finances publiques. Ils règlent les dépenses et perçoivent les recettes. Mais ce ne sont pas eux qui décident des dépenses (ce sont les consuls et les autres magistrats) et des recettes (c’est les suivants). Questeur
33%
En l'an 9, l’extension de l’empire en Germanie est stoppée avec la défaite dans la forêt de ... Teutobourg
33%
Il règne de 14 à 37. C’était un véritable tyran : il faisait briser les jambes de ceux qui lui désobéissaient. Tibère
33%
Empereur romain qui a régné de 69 à 79. Il est le fondateur et le premier empereur de la dynastie flavienne. On lui doit l’expression “l’argent n’a pas d’odeur” (Pecunia non olet). Vespasien
33%
Nom de cette bataille. Zama
33%
Date de division de l'Empire romain pour faciliter son administration 395
22%
Sa mère. Agrippine la Jeune
22%
Il envisageait de nommer son ... Incitatus consul. Cheval
22%
Nom romain de Rennes (confluent en latin). Condate
22%
Immense palais impérial de la Rome antique, construit pour ce dernier, qui couvrait une partie importante de Rome intramuros sur plusieurs dizaines d'hectares. Elle doit son nom aux feuilles d'or destinées à rehausser certains motifs du décor des fresques. Domus aurea/Maison dorée
22%
Nom des immeubles d'habitation, parfois sur une hauteur de plusieurs étages. Insulae
22%
Empereur byzantin ayant régné de 527 à 565. Il est l’un des plus importants dirigeants de l'Antiquité tardive. Il est surtout connu pour avoir été à l'origine d'un groupe de lois très importantes, dont un célèbre Code. Justinien Ier
22%
En 64, cet événement sert de prétexte à la persécution des chrétiens en les désignant comme responsables de la catastrophe. Le grand incendie de Rome
22%
Empereur et philosophe romain de la dynastie des Antonins. Dernier des « cinq bons empereurs » selon Machiavel, il est aussi le dernier empereur de la période de la « paix romaine », période de relative stabilité commencée sous le règne d'Auguste (-26 à 14), succédant à la période des guerres civiles (-49 à -30). C’était aussi un philosophe stoïcien. Marc Aurèle
22%
Il a remis en vigueur la taxe sur l'... (latin : vectigal urinae), d'abord créée par Néron puis abandonnée. La taxe était due par les acheteurs de cette substance. Urine
22%
Du fait qu'elle constituait un mets apprécié des empereurs romains, cette locution de trois mots désigne le champignon appelé "oronge vraie". Amanite des Césars
11%
Empereur romain de la dynastie des Sévères qui règne de 211 jusqu'à sa mort. On lui doit les thermes et l’édit qui accorde la citoyenneté à tous les hommes libres de l’Empire. Caracalla
11%
Avocat, homme d'État, philosophe et écrivain romain. C’est le plus célèbre orateur de la République romaine. Il intervient dans les crises de la fin de la République romaine et finit victime des proscriptions en -43. Cicéron
11%
Épisode du VIIe siècle av. J-C rapporté par Tite-Live (latin) et par Halicarnasse (grec). Deux équipes de trois champions, l'une représentant Rome et l'autre la ville d'Albe-la-Longue s'affrontent afin d'éviter une guerre généralisée. Combat des Horaces et des Curiaces
11%
Son règne est entériné en 310 par l'empereur Galère, et se poursuit jusqu'à sa mort en 337. Il unifiie le pouvoir impérial en 324 en triomphant sur son co-empereur Licinius, mettant ainsi fin à 38 ans de tétrarchie. Ses réformes favorisent largement l'essor du christianisme, vers lequel il se tourne. L’ancien nom d’Istanbul en Turquie porte son nom. Constantin Ier
11%
Général et homme politique romain. Partisan du dictateur Sylla, il s'enrichit aux dépens des victimes de celui-ci. En 71 av. J-C, il est élu préteur et écrase les esclaves révoltés dirigés par Spartacus. En 70 av. J-C, il est élu consul en même temps que la personne ci-dessous. Crassus
11%
Troisième et dernier de la dynastie des Flaviens, cet empereur, décrit comme un tyran cruel et paranoïaque, est victime d'un complot et est poignardé par les conspirateurs après quatorze ans de règne. Domitien
11%
Nom de l'escalier monumental reliant le Capitole et le forum, où étaient exposés les corps des suppliciés avant qu'ils ne soient jetés dans le Tibre. Gémonies
11%
Prince issu de la famille impériale julio-claudienne, et un des chefs militaires les plus populaires, et sans doute aussi l'un des plus doués, de toute l'histoire romaine. Son nom lui fut donné lorsqu'il fut attribué à son père Drusus l'honneur de ses nombreuses conquêtes et victoires en Germanie. Il est le père de l'empereur Caligula et d'Agrippine la Jeune (future femme de Claude et mère de Néron). Germanicus
11%
En -390, menés par leur chef Brennus, les Gaulois venant des Alpes envahissent le nord de l’Italie et se dirigent vers Rome puis la pillent. Les Romains sont sauvés par ces animaux qui sonnent l'alerte par leurs cris. Les oies du Capitole
11%
Nom romain de Paris. Lutetia
11%
Homme politique et militaire romain. Il sert de 57 à 52 av. J.-C. dans l'armée avec le grade de chef de la cavalerie en Syrie, Judée et Égypte. En 52 av. J.-C., il rejoint Jules César et combat lors de la Guerre des Gaules au siège d'Alésia (juillet-septembre 52 av. J.-C.). Son épouse fut la soeur du premier empereur romain. Marc Antoine
11%
Homme qui fait le brave, le fanfaron, par référence aux défauts que l’on prêtait, dans les mystères du Moyen Âge, aux divers personnages confondus sous ce nom dont l’empereur romain. Olybrius
11%
Général et homme politique romain, né et mort assassiné en Égypte. Défenseur du pouvoir du sénat romain, il s'allie puis combat Jules César, qui est le défenseur du parti populaire. Il élabora une stratégie méthodique pour éradiquer la piraterie en Méditerranée en divisant la mer en zones. Pompée
11%
Citoyen romain membre de la classe équestre qui, à partir de 26, sous le règne de l'empereur Tibère, et durant dix à onze ans, a occupé la charge de préfet de Judée. Il est connu pour avoir, selon les Évangiles, ordonné la Crucifixion à l'issue du procès de Jésus. La phrase Ecce homo lui est attribuée lorsqu’il présente ce dernier à la foule de Jérusalem après la flagellation. Ponce Pilate
11%
C’est le dernier empereur de Rome. Il est surnommé le petit Auguste. Romulus Augustulus
11%
Militaire et un homme d'État romain. Il est connu pour ses campagnes militaires victorieuses contre les Carthaginois en Hispanie, pour avoir détruit entièrement Carthage et pour avoir vaincu Hannibal en Afrique. Scipion l'Africain
11%
Philosophe stoïcien qui s'est suicidé, contraint par Néron, en s'ouvrant les veines dans un bain. Sénèque
11%
L’Empire romain atteint sa plus grande extension sous son règne. Septime Sévère
11%
Impératrice byzantine. Elle naît à Chypre et deviendra la maîtresse d'un haut fonctionnaire syrien. Pour favoriser son ascension sociale, elle se forme, elle apprendra à lire, à écrire et à se cultiver. Elle règne conjointement avec son mari cité précédemment de 527 à 548, et figure parmi les femmes les plus puissantes de l'histoire byzantine. Théodora
11%
Il écrivit une Histoire complète de Rome, depuis la fondation de la ville jusqu'à la mort de Drusus (9 avant J. -C.). Cette œuvre se composait de 142 livres, divisés en Décades ou groupes de 10 livres. 35 livres seulement sont parvenus jusqu'à nous. Tite-Live
11%
Auteur de l'Énéide, épopée sur l'ancêtre mythique des romains, Énée. Surnommé « le Cygne de Mantoue », il est contemporain de la fin de la République romaine et du début du règne de l'empereur Auguste. Virgile
11%
Nom romain de Strasbourg. Argentoratum
0%
Nom romain de Bordeaux. Burdigala
0%
Homme politique romain et un influent sénateur conservateur de la fin de la République romaine. Il est resté dans l'histoire comme une figure du stoïcisme, célèbre pour sa fermeté d'âme ; sa réputation d'honnêteté et de respect des traditions lui donne une influence politique, qu'il mobilise contre de puissants généraux de son époque comme Jules César. Caton d'Utique
0%
L"épouse de ce dernier. De son mariage avec lui elle eut une fille, Julia, Elle meurt prématurément à l’âge de 28 ans. Cornelia Cinna
0%
Nom romain de Saint-Étienne (du nom de la rivière). Furanum
0%
Très populaire, toujours suivi d'une biche blanche apprivoisée, ce qui le teinte de divinité. Il crée en Espagne un État romain, avec un Sénat. Quintus Sertorius
0%
Nom romain de Rodez. Segodunum
0%
Il mène comme sénateur romain une carrière dans la haute administration impériale. Il est renommé comme historien, grâce à ses ouvrages les Annales et les Histoires, chronique de la période des quatre empereurs julio-claudiens après Auguste. Tacite
0%
Aucun quiz correspondant
Distribution des résultats
% des personnes avec chaque résultat
Percentile par nombre de réponses
Votre historique - résultats
Vous n’avez pas pris ce quiz depuis la dernière actualisation